| 000 | 00697nam a2200133Ia 4500 | ||
|---|---|---|---|
| 008 | 170221s9999 xx 000 0 und d | ||
| 100 | _aKalsom Kayat, Nur Farrah Ain Zainuddin, Razamin Ramli, Maznah Mat Kasim | ||
| 245 | 4 | _aThe Perceived Role of Leadership and Community Support in the Performance of Community-Based Rural Homestay (CBRH) Programme in Malaysia Kalsom Kayat, Nur Farrah Ain Zainuddin, Razamin Ramli, Maznah Mat Kasim | |
| 245 | _cKalsom Kayat, Nur Farrah Ain Zainuddin, Razamin Ramli, Maznah Mat Kasim | ||
| 260 | _bInternational Review of Management and Marketing | ||
| 260 | _c2012 | ||
| 650 | _xMarketing. | ||
| 856 | _uhttp://www.econjournals.com/index.php/irmm/issue/view/91 | ||
| 999 |
_c310481 _d310481 |
||